000 01512cam a2200265 4500
001 ABS66436
008 030228n2003 000 0 eng u
035 _a(Sirsi) u121467
100 _aCozens, P.
245 _aSafety is in the upkeep
260 _c2003
490 _aRegeneration and Renewal
_v7 February 2003, 24(1)
520 _aSuggests that urban design, different types of dwelling, and the level of housing maintenance can influence the occurrence of crime in particular areas. Discusses the Crime Prevention Through Environmental Design (CPTED) approach that promotes the manipulation of the built environment to reduce criminal activity. Research by the University of Glamorgan also found that certain housing types such as low-rise and high-rise flats were seen as more prone to crime than semi-detached houses or terraces. However, in addition to physical design, the level of maintenance and repair of each property was perceived as a key factor in determining the likelihood of crime. In the light of the Crime and Disorder Act 1998 and the Human Rights Act 1998, concludes that councils may have to impose specific demands on property owners to repair derelict or vacant buildings.
590 _aABS
650 _aCRIME PREVENTION
650 _aBUILT ENVIRONMENT
650 _aENVIRONMENTAL DESIGN
650 _aURBAN DESIGN
650 _aHOUSING TYPES
650 _aHOUSING MAINTENANCE
690 _aHOUSING
700 _aHillier, D.
700 _aPrescott, G.
942 _n0
999 _c72185
_d72185